Personnel management in indian enterprises / (Record no. 131683)
[ view plain ]
| 000 -LEADER | |
|---|---|
| fixed length control field | 00765nam a22002417a 4500 |
| 005 - DATE AND TIME OF LATEST TRANSACTION | |
| control field | 20170124110133.0 |
| 010 ## - LIBRARY OF CONGRESS CONTROL NUMBER | |
| LC control number | A-895610 |
| 020 ## - INTERNATIONAL STANDARD BOOK NUMBER | |
| Terms of availability | 00.00 |
| International Standard Book Number | 818598915 |
| 035 ## - SYSTEM CONTROL NUMBER | |
| System control number | A-895610 |
| 037 ## - SOURCE OF ACQUISITION | |
| Source of stock number/acquisition | Cen Lib/Ret |
| 040 ## - CATALOGING SOURCE | |
| Original cataloging agency | DPL |
| Language of cataloging | EN |
| 082 ## - DEWEY DECIMAL CLASSIFICATION NUMBER | |
| Classification number | 658.3 |
| Item number | DWI |
| 100 ## - MAIN ENTRY--PERSONAL NAME | |
| Personal name | Dwivedi, R.S. |
| 9 (RLIN) | 3288 |
| 245 ## - TITLE STATEMENT | |
| Title | Personnel management in indian enterprises / |
| Statement of responsibility, etc | by R.S. Dwivedi |
| 260 ## - PUBLICATION, DISTRIBUTION, ETC. (IMPRINT) | |
| Place of publication, distribution, etc | New Delhi |
| Name of publisher, distributor, etc | Galgotia Publishing Company |
| Date of publication, distribution, etc | 1997 |
| 270 ## - ADDRESS | |
| City | New Delhi |
| Postal code | 110005 |
| Address | 6A/4, WEA, karol bagh |
| 300 ## - PHYSICAL DESCRIPTION | |
| Extent | xvi, 505p. |
| Dimensions | 24cm(Hb) |
| 490 ## - SERIES STATEMENT | |
| Series statement | Managing human resources |
| 500 ## - GENERAL NOTE | |
| General note | Includes index |
| 650 ## - SUBJECT ADDED ENTRY--TOPICAL TERM | |
| Topical term or geographic name as entry element | Personnel management |
| Geographic subdivision | India |
| 9 (RLIN) | 32469 |
| 650 ## - SUBJECT ADDED ENTRY--TOPICAL TERM | |
| Topical term or geographic name as entry element | Human resource mangement |
| General subdivision | Enterprises |
| 9 (RLIN) | 32470 |
| 942 ## - ADDED ENTRY ELEMENTS (KOHA) | |
| Source of classification or shelving scheme | Dewey Decimal Classification |
| Koha item type | English Books |
| Classification part | 658.3 |
| Call number suffix | DWI |
| Withdrawn status | Lost status | Damaged status | Not for loan | Home library | Current library | Date acquired | Source of acquisition | Cost, normal purchase price | Total Checkouts | Full call number | Barcode | Date last seen | Copy number | Cost, replacement price | Price effective from | Koha item type |
|---|---|---|---|---|---|---|---|---|---|---|---|---|---|---|---|---|
| Central Library | Central Library | 15/07/2015 | Cen Lib/Ret | 0.00 | 658.3 DWI | A-895610 | 15/07/2015 | 1 | 0.00 | 15/07/2015 | English Books |
